[Event "Trebic Highlands op 11th"]
[Site "Trebic"]
[Date "2017.09.28"]
[Round "7"]
[White "Spanton, Timothy"]
[Black "Brasoy, Aksel"]
[Result "1-0"]
[WhiteElo "1858"]
[BlackElo "1964"]
[PlyCount "81"]
[EventDate "2017.09.23"]
[EventType "swiss"]
[EventRounds "9"]
[EventCountry "CZE"]
[SourceTitle "EXT 2018"]
[Source "ChessBase"]
[SourceDate "2017.10.13"]
[SourceVersion "1"]
[SourceVersionDate "2017.10.13"]
[SourceQuality "1"]

1. c4 e5 2. Nc3 Nc6 3. g3 Bc5 4. Bg2 d6 5. e3 a6 6. Nge2 Ba7 7. 0-0 Nge7 8. d4 0-0 9. d5 Nb8 10. b4 Nd7 11. Bb2 f5 12. Qb3 Kh8 13. Rac1 Ng6 14. Rce1 f4 15. exf4 exf4 16. Nxf4 Nxf4 17. gxf4 Rxf4 18. Na4 Ne5 19. Bxe5 dxe5 20. Nc5 Bxc5 21. bxc5 Qf6 22. Re4 Rxe4 23. Bxe4 Rb8 24. Qd3 g6 25. Rb1 Bf5 26. a4 a5 27. c6 b6 28. c5 Bxe4 29. Qxe4 Rf8 30. cxb6 cxb6 31. Qe3 Qd6 32. Rb5 Rf4 33. Qxb6 Qf6 34. c7 Qg5+ 35. Kf1 Rf8 36. Qc5 Rxf2+ 37. Qxf2 Qc1+ 38. Kg2 Qg5+ 39. Kh1 Qc1+ 40. Qg1 Qxc7 41. Qc5 1-0

[Event "NOR-chT Elite qual"]
[Site "Oslo"]
[Date "2016.04.01"]
[Round "1.1"]
[White "Lillelokken, Kjell Arne"]
[Black "Brasoy, Aksel"]
[Result "1-0"]
[WhiteElo "2089"]
[BlackElo "1943"]
[PlyCount "145"]
[EventDate "2016.04.01"]
[EventType "team"]
[EventRounds "3"]
[EventCountry "NOR"]
[SourceTitle "CBM 171 Extra"]
[Source "ChessBase"]
[SourceDate "2016.04.26"]
[SourceVersion "1"]
[SourceVersionDate "2016.04.26"]
[SourceQuality "1"]
[WhiteTeam "Levanger"]
[BlackTeam "Alta"]
[WhiteTeamCountry "NOR"]
[BlackTeamCountry "NOR"]

1. f4 d5 2. Nf3 g6 3. g3 Bg7 4. Bg2 c5 5. 0-0 Nc6 6. d3 d4 7. Na3 Rb8 8. e4 dxe3 9. Nc4 Nh6 10. Bxe3 b6 11. h3 Nf5 12. Bf2 Bb7 13. c3 0-0 14. Re1 Qc7 15. Qe2 Rfe8 16. Rad1 Rbd8 17. g4 Nd6 18. Nce5 e6 19. Bh4 f6 20. Nxc6 Bxc6 21. Bg3 Nf7 22. Kh2 Qb7 23. d4 cxd4 24. Rxd4 Rxd4 25. Nxd4 Bxg2 26. Qxg2 Qxg2+ 27. Kxg2 Nd8 28. Nb5 Nc6 29. Nc7 Re7 30. Nxe6 Bh6 31. Kf3 Kf7 32. f5 Rd7 33. fxg6+ hxg6 34. Re2 Rd3+ 35. Kg2 Bc1 36. Nf4 Rd1 37. b3 Ba3 38. Re1 Rd2+ 39. Re2 Rd1 40. h4 Ne5 41. g5 Nd7 42. gxf6 Nxf6 43. Ne6 Nd5 44. Ng5+ Kf8 45. Be5 Ne7 46. Ne6+ Kf7 47. Nd4 a6 48. Rf2+ Ke8 49. Re2 Kd7 50. c4 Bc5 51. Nf3 Kc6 52. Bg3 a5 53. Re1 Rd8 54. Re6+ Kb7 55. Bf2 Bd6 56. Nd4 Rd7 57. Nb5 Bc5 58. Bxc5 bxc5 59. Nd6+ Kc7 60. Ne4 Nf5 61. Nxc5 Nxh4+ 62. Kh3 Rh7 63. Kg4 Nf5 64. Rxg6 Nd6 65. Na6+ Kd7 66. c5 Nb5 67. c6+ Ke8 68. Rg8+ Kf7 69. Rb8 Nd6 70. Rb7+ Nxb7 71. cxb7 Rh8 72. b8Q Rxb8 73. Nxb8 1-0

[Event "Alta CC-ch"]
[Site "Alta"]
[Date "2015.02.25"]
[Round "6"]
[White "Nielsen, Andre"]
[Black "Brasoy, Aksel"]
[Result "1/2-1/2"]
[WhiteElo "1837"]
[BlackElo "1941"]
[PlyCount "101"]
[EventDate "2015.01.14"]
[EventType "swiss"]
[EventRounds "10"]
[EventCountry "NOR"]
[SourceTitle "EXT 2017"]
[Source "ChessBase"]
[SourceDate "2016.10.25"]
[SourceVersion "1"]
[SourceVersionDate "2016.10.25"]
[SourceQuality "1"]

1. e4 c5 2. Nf3 e6 3. d4 cxd4 4. Nxd4 Nf6 5. Nc3 Nc6 6. Ndb5 Bb4 7. a3 Bxc3+ 8. Nxc3 d5 9. exd5 exd5 10. Bg5 0-0 11. Be2 Bf5 12. 0-0 d4 13. Nb1 h6 14. Bh4 Re8 15. Bd3 Bxd3 16. Qxd3 Ne5 17. Qb3 Qd5 18. Bxf6 Qxb3 19. cxb3 gxf6 20. Nd2 Rac8 21. Ne4 Re6 22. Rad1 d3 23. Ng3 Rc2 24. f4 Ng4 25. Rxd3 Rxb2 26. Nf5 Kh7 27. h3 Ree2 28. Rg3 Nf2 29. Rc1 Rbc2 30. Rxc2 Rxc2 31. Rg7+ Kh8 32. Rxf7 Nd3 33. g3 h5 34. Rxf6 Rc3 35. Nd4 Kg7 36. Rd6 Nc5 37. Kh2 Nxb3 38. Nf5+ Kf7 39. g4 hxg4 40. hxg4 Nc5 41. g5 Ne6 42. Rd7+ Kg6 43. Ne7+ Kh5 44. Nd5 Rxa3 45. Rh7+ Kg4 46. g6 Ra2+ 47. Kg1 Rd2 48. Nc7 Rd6 49. Nxe6 Rxe6 50. Rxb7 Rxg6 51. Rxa7 1/2-1/2

[Event "Alta CC 40 years"]
[Site "Alta"]
[Date "2013.03.16"]
[Round "5"]
[White "Brasoy, Aksel"]
[Black "Machlik, Endre"]
[Result "1-0"]
[WhiteElo "1996"]
[BlackElo "1620"]
[PlyCount "53"]
[EventDate "2013.03.15"]
[EventType "swiss"]
[EventCountry "NOR"]
[SourceTitle "EXT 2024"]
[Source "ChessBase"]
[SourceDate "2023.10.10"]
[SourceVersion "1"]
[SourceVersionDate "2023.10.10"]
[SourceQuality "1"]

1. d4 d5 2. c4 dxc4 3. Nf3 Nf6 4. e3 Bg4 5. Bxc4 e6 6. h3 Bh5 7. Nc3 Nbd7 8. 0-0 c6 9. e4 e5 10. Be2 exd4 11. Nxd4 Bxe2 12. Qxe2 Bc5 13. Nf5 0-0 14. Bg5 Qc7 15. Kh1 h6 16. Bh4 Rfe8 17. f4 Bb4 18. e5 Bxc3 19. bxc3 Nd5 20. Qg4 g6 21. Nxh6+ Kg7 22. Nf5+ Kh7 23. Nd6 Rf8 24. Rae1 Nc5 25. Ne4 Nxe4 26. Rxe4 Nxc3 27. Bf6 1-0

[Event "Alta CC-ch"]
[Site "Alta"]
[Date "2013.02.13"]
[Round "5"]
[White "Mikalsen, Erlend"]
[Black "Brasoy, Aksel"]
[Result "1/2-1/2"]
[WhiteElo "2074"]
[BlackElo "2000"]
[PlyCount "100"]
[EventDate "2013.01.16"]
[EventType "swiss"]
[EventRounds "10"]
[EventCountry "NOR"]
[SourceTitle "EXT 2024"]
[Source "ChessBase"]
[SourceDate "2023.10.10"]
[SourceVersion "1"]
[SourceVersionDate "2023.10.10"]
[SourceQuality "1"]

1. Nf3 d5 2. c4 d4 3. b4 g6 4. Bb2 Bg7 5. e4 e5 6. d3 Ne7 7. Be2 0-0 8. Nbd2 Nd7 9. h4 h6 10. h5 g5 11. Nb3 Re8 12. a4 Nf8 13. a5 Ne6 14. g3 Bd7 15. Nfd2 b6 16. Bg4 Nf8 17. f3 f5 18. exf5 Nxf5 19. Bxf5 Bxf5 20. Ne4 Bxe4 21. fxe4 Qf6 22. Qg4 Qe6 23. Qxe6+ Nxe6 24. Ke2 Bf8 25. b5 Nc5 26. Nxc5 Bxc5 27. Ba3 Bxa3 28. Rxa3 Rf8 29. c5 bxc5 30. Rc1 Rf7 31. Rxc5 Raf8 32. Rxe5 Rf1 33. Rf5 R8xf5 34. exf5 Rxf5 35. Rb3 g4 36. Rb4 Rxh5 37. Rxd4 Rxb5 38. Rxg4+ Kf7 39. Rc4 c5 40. a6 Ra5 41. d4 cxd4 42. Rc7+ Kf6 43. Rxa7 Ke6 44. Rh7 h5 45. Rh6+ Kf7 46. a7 Kg7 47. Rxh5 Rxa7 48. Rd5 Ra4 49. Kd3 Kg6 50. Rxd4 Ra3+ 1/2-1/2

[Event "Alta Autumn"]
[Site "Alta"]
[Date "2012.11.21"]
[Round "10"]
[White "Mikalsen, Erlend"]
[Black "Brasoy, Aksel"]
[Result "1-0"]
[WhiteElo "2041"]
[BlackElo "1889"]
[PlyCount "81"]
[EventDate "2012.09.12"]
[EventType "swiss"]
[EventRounds "10"]
[EventCountry "NOR"]
[SourceTitle "EXT 2024"]
[Source "ChessBase"]
[SourceDate "2023.10.10"]
[SourceVersion "1"]
[SourceVersionDate "2023.10.10"]
[SourceQuality "1"]

1. e4 e5 2. Nf3 Nc6 3. Bb5 a6 4. Ba4 Nf6 5. 0-0 Be7 6. Re1 b5 7. Bb3 d6 8. c3 0-0 9. h3 Na5 10. Bc2 c5 11. d4 Nd7 12. Nbd2 exd4 13. cxd4 Nc6 14. dxc5 Nxc5 15. Nb3 Nxb3 16. Bxb3 Be6 17. Bf4 Bxb3 18. Qxb3 Qb6 19. Rad1 Rad8 20. Rd5 Rfe8 21. Rf5 Rf8 22. Rd1 h6 23. Rfd5 Na5 24. Qb4 Nc6 25. Qd2 Rfe8 26. Bxh6 Bf6 27. Bg5 Bxg5 28. Qxg5 Rxe4 29. Qf5 Re6 30. Ng5 Rf6 31. Qh7+ Kf8 32. Qh8+ Ke7 33. Qh4 Kd7 34. Ne4 Rg6 35. Qf4 Ke7 36. Nxd6 Rf6 37. Qh4 g5 38. Nc8+ Rxc8 39. Rd7+ Ke6 40. Qg4+ Rf5 41. R1d6+ 1-0

[Event "Kiel op 25th"]
[Site "Kiel"]
[Date "2012.07.29"]
[Round "3"]
[White "Brasoy, Aksel"]
[Black "Junge, Ralf"]
[Result "1/2-1/2"]
[WhiteElo "1990"]
[BlackElo "2322"]
[PlyCount "38"]
[EventDate "2012.07.28"]
[EventType "swiss"]
[EventRounds "9"]
[EventCountry "GER"]
[SourceTitle "EXT 2015"]
[Source "ChessBase"]
[SourceDate "2014.11.20"]
[SourceVersion "1"]
[SourceVersionDate "2014.11.20"]
[SourceQuality "1"]

1. d4 c5 2. d5 e5 3. e4 d6 4. Nc3 Be7 5. Nf3 Bg4 6. Be2 Bxf3 7. Bxf3 Bg5 8. 0-0 Bxc1 9. Qxc1 Nf6 10. a4 0-0 11. Ne2 Nbd7 12. Ng3 Re8 13. Nf5 Nf8 14. g3 g6 15. Ne3 h5 16. h4 N8h7 17. Bg2 b6 18. Qd2 a6 19. Qd3 Ra7 1/2-1/2

[Event "Kiel op 25th"]
[Site "Kiel"]
[Date "2012.07.28"]
[Round "1"]
[White "Brasoy, Aksel"]
[Black "Goetz, Dirk"]
[Result "1/2-1/2"]
[WhiteElo "1990"]
[BlackElo "1719"]
[PlyCount "171"]
[EventDate "2012.07.28"]
[EventType "swiss"]
[EventRounds "9"]
[EventCountry "GER"]
[SourceTitle "EXT 2015"]
[Source "ChessBase"]
[SourceDate "2014.11.20"]
[SourceVersion "1"]
[SourceVersionDate "2014.11.20"]
[SourceQuality "1"]

1. d4 Nf6 2. Nf3 e6 3. e3 b6 4. Bd3 Bb7 5. 0-0 Be7 6. b3 0-0 7. Bb2 d5 8. Ne5 Ne4 9. f3 Nd6 10. Nd2 f6 11. Ng4 Nd7 12. Qe2 f5 13. Ne5 Nxe5 14. dxe5 Nf7 15. e4 f4 16. exd5 Bxd5 17. Kh1 Bb7 18. Rad1 c5 19. Ne4 Qc7 20. Nd6 Bd5 21. c4 Bc6 22. Bb1 Rad8 23. Qc2 g6 24. Nxf7 Kxf7 25. Qc1 Bg5 26. Qc3 Rxd1 27. Rxd1 Bh6 28. Rd6 Rd8 29. Qd2 Rd7 30. Kg1 Ke7 31. Rxd7+ Qxd7 32. Qxd7+ Kxd7 33. Bc1 Ke7 34. Bd3 Kf7 35. Be2 Kg7 36. h4 g5 37. hxg5 Bxg5 38. g3 Be8 39. gxf4 Bh6 40. Bd3 Bg6 41. Be4 Bf5 42. Bxf5 exf5 43. Kg2 Kg6 44. Kg3 Bf8 45. Bb2 Be7 46. e6 a6 47. a4 h6 48. Be5 Bd8 49. Kh3 Be7 50. Bc7 Kf6 51. Bxb6 Kxe6 52. Ba5 Kd6 53. Bc3 Ke6 54. Bg7 h5 55. Bh6 Bf6 56. Bg5 Bd4 57. Kh4 Be3 58. Kxh5 Bd2 59. Kh4 Be1+ 60. Kh3 Bc3 61. Kg2 Kd7 62. Kf1 Bd2 63. Ke2 Bc1 64. Kd1 Be3 65. Kc2 Kc6 66. Kd3 Bc1 67. Kc3 Be3 68. b4 cxb4+ 69. Kxb4 Bd2+ 70. Kb3 Kc5 71. Be7+ Kc6 72. Bg5 Kc5 73. Kc2 Be3 74. Kd3 Bc1 75. Be7+ Kc6 76. Bb4 Bxf4 77. Kd4 Bg3 78. Bd2 Bc7 79. Bg5 Bd6 80. Bf6 Bg3 81. Be7 Bh2 82. c5 Bf4 83. Bd6 Bxd6 84. cxd6 Kxd6 85. f4 a5 86. Kc4 1/2-1/2